| 000 | 01264cam a22002655a 4500 | ||
|---|---|---|---|
| 001 | L158818 | ||
| 008 | 150730s2010 xxk f 000 0 eng d | ||
| 020 | _a9780977858750 | ||
| 035 | _a(Sirsi) u158818 | ||
| 041 | 0 | _aeng | |
| 050 | 0 | 4 | _aF692.3 |
| 110 | 2 |
_aBuilding Owners and Managers Association International _96157 |
|
| 245 | 0 | 0 |
_aRetail buildings _bStandard methods of measurement |
| 260 |
_aWashington DC _bBOMA _c2010 |
||
| 300 | _aiv, 32p ; 27cm | ||
| 520 | _aThis standard is intended to measure retail buildings. Outlines three measurement methods. Construction gross areas (CGA) measures an area for estimating construction costs or for valuation using the replacement value approach. Exterior gross area (EGA) measures gross leasable area, common area, parking and non-leasable and its key use is for calculating rent and common area service charges and is sometimes referred to as gross building area. Gross leasable area (GLA) measures the total enclosed floor area designed for the exclusive use of an occupant. | ||
| 590 | _aKA | ||
| 650 | 2 | 4 | _aSTANDARDS METHODS OF MEASUREMENT |
| 650 | 2 | 4 | _aSHOPS |
| 650 | 2 | 4 | _aRETAIL |
| 651 | 4 | _aUnited States | |
| 690 |
_aMeasurement _96256 |
||
| 690 |
_aCommercial property _96227 |
||
| 942 | _n0 | ||
| 999 |
_c115518 _d115518 |
||